Podnikový manažment modul 2
Uložené v:
| Hlavný autor: | |
|---|---|
| Korporácia: | , |
| Ďalší autori: | , , |
| Médium: | Kniha |
| Jazyk: | Slovak |
| Vydavateľské údaje: |
Bratislava
Vydavateľstvo EKONÓM
2004
|
| Predmet: | |
| Tagy: |
Žiadne tagy, Buďte prvý, kto otaguje tento záznam!
|
MARC
| LEADER | 00000nam$a2200000$$$4500 | ||
|---|---|---|---|
| 001 | 0035710 | ||
| 005 | 20240502071448.7 | ||
| 020 | |a 80-225-1895-6 | ||
| 041 | 0 | |a slo | |
| 044 | |a SK | ||
| 245 | 1 | 0 | |a Podnikový manažment |b modul 2 |
| 264 | 1 | |a Bratislava |b Vydavateľstvo EKONÓM |c 2004 | |
| 300 | |a 98 s. | ||
| 610 | 2 | 0 | |a riadenie podnikové |
| 610 | 2 | 0 | |a zdroje ľudské |
| 610 | 2 | 0 | |a riadenie |
| 610 | 2 | 0 | |a plánovanie |
| 610 | 2 | 0 | |a pracovníci |
| 610 | 2 | 0 | |a odmeňovanie |
| 610 | 2 | 0 | |a hodnotenie pracovníkov |
| 610 | 2 | 0 | |a riadenie projektové |
| 610 | 2 | 0 | |a riziko |
| 610 | 2 | 0 | |a risk management |
| 610 | 2 | 0 | |a manažment krízový |
| 610 | 2 | 0 | |a projekty medzinárodné |
| 100 | 1 | |a Wilhalm, Ivo | |
| 700 | 1 | |a Marsina, Štefan | |
| 700 | 1 | |a Szabo, Ľuboslav | |
| 700 | 1 | |a Majtán, Miroslav | |
| 710 | 2 | |a Ekonomická univerzita v Bratislave | |
| 710 | 2 | |a Leonardo da Vinci | |